Budúcnosť operačného rámca menovej politiky eurozóny bakalárska práca

Salvato in:
Dettagli Bibliografici
Autore principale: Nebusová, Klára
Ente Autore: Národohospodárska fakulta EU. Katedra bankovníctva a medzinárodných financií
Altri autori: Stanová, Barbora, 1989-
Natura: Libro
Lingua:slovacco
Pubblicazione: Bratislava 2023
Tags: Aggiungi Tag
Nessun Tag, puoi essere il primo ad aggiungerne!!

MARC

LEADER 00000nbm a2200000 4500
001 0294579
005 20231025091850.3
041 0 |a slo 
044 |a SK 
245 1 0 |a Budúcnosť operačného rámca menovej politiky eurozóny  |b bakalárska práca  |c Klára Nebusová ; školiteľ: Barbora Stanová 
264 1 |a Bratislava  |c 2023 
300 |a 39 s. 
100 1 |a Nebusová, Klára 
700 1 |a Stanová, Barbora, 1989- 
710 2 |a Národohospodárska fakulta EU. Katedra bankovníctva a medzinárodných financií